[Event "2nd Vergani Cup 2018"]
[Site "Villorba ITA"]
[Date "2018.01.03"]
[Round "2.2"]
[White "Jobava, Baadur"]
[Black "Can, Isik"]
[Result "1-0"]
[WhiteTitle "GM"]
[BlackTitle "FM"]
[WhiteElo "2690"]
[BlackElo "2389"]
[WhiteFideId "13601520"]
[BlackFideId "6383742"]
[Annotator "Basso, Pier Luigi"]
[EventDate "2018.01.02"]

1. e4 e5 2. Nf3 Nc6 3. d4 exd4 4. Nxd4 Nf6 5. Nxc6 bxc6 6. Bd3 d5 7. exd5 cxd5
8. O-O Be7 9. h3 {Baadur is trying a different approch, instead on the most
common Nc3} O-O 10. Nd2 Re8 11. b3 Bd6 12. Bb2 Be5 $6 {the change of
Blacksquares bishop is not in Black's favour} (12... Bb7 13. Qf3 Nd7 14. Rae1
Qg5 $11) 13. Bxe5 Rxe5 14. Nf3 Re8 15. Re1 (15. c4 $1 c6 16. cxd5 cxd5 17. Re1
$14 {was more precise}) 15... Be6 16. Qd2 Qd6 (16... c5 $1 $14 {/=}) 17. Re5 (
17. b4 $1 c5 18. Rab1 cxb4 19. Qxb4 $14) 17... a5 {I don't like this move,
becouse on a5 the pawn can always be a weakness} (17... c5 {with only a
slightly more pleasant position for White}) 18. Rae1 Bd7 19. c4 dxc4 20. Bxc4
Qxd2 21. Nxd2 Kf8 22. a4 Bc6 23. Rxe8+ Rxe8 24. Rc1 {this endgame is difficult
for Black} Rd8 25. Nf1 Nd5 26. f3 Bb7 27. h4 Rd6 28. Kf2 Nf4 29. Rc2 Nd3+ 30.
Bxd3 Rxd3 31. Nd2 Ba6 32. Kg3 g6 33. Ne4 Rxb3 34. Nc5 Bd3 35. Rd2 Bc4 36. Nxb3
Bxb3 37. Rd4 {with an easy winning endgame for White} 1-0

[Event "2nd Vergani Cup 2018"]
[Site "Villorba ITA"]
[Date "2018.01.03"]
[Round "2.3"]
[White "Sukandar, Irine Kharisma"]
[Black "Berkes, Ferenc"]
[Result "0-1"]
[WhiteTitle "IM"]
[BlackTitle "GM"]
[WhiteElo "2387"]
[BlackElo "2662"]
[WhiteFideId "7101937"]
[BlackFideId "718572"]
[EventDate "2018.01.02"]

1. e4 d6 2. d4 Nf6 3. Nc3 e5 4. Nf3 Nbd7 5. Bc4 Be7 6. O-O O-O 7. a4 c6 8. a5
exd4 9. Nxd4 Ne5 10. Be2 Re8 11. f4 Ng6 12. Kh1 Bf8 13. f5 Ne5 14. Bg5 h6 15.
Bh4 Be7 16. Bg3 Qc7 17. Qd2 Bd7 18. Nf3 b5 19. axb6 axb6 20. b4 b5 21. Qd4 Nfg4
22. h3 Bf6 23. Qd2 Nxf3 24. gxf3 Rxa1 25. Rxa1 Ne5 26. Rd1 d5 27. Rg1 Kh7 28.
exd5 Bxf5 29. Qf4 Qc8 30. dxc6 Ng6 31. Qc7 Bxc3 32. Qxc8 Rxc8 33. Bxb5 Bxb4 34.
c7 Ba5 35. Ba6 Rxc7 36. Bxc7 Bxc7 37. Rb1 Bf4 38. Bd3 Bxd3 39. cxd3 Nh4 40. d4
g5 41. Rb7 Kg7 42. Rb3 h5 43. Rd3 Kf6 44. d5 Ke7 45. Kg1 Kd6 46. Kf2 Ng6 47. Rd1
h4 48. Ke2 Ne7 49. Kd3 Kxd5 50. Rb1 Bd6 51. Rb5+ Bc5 52. Rb8 Ng6 53. Rd8+ Bd6
54. Ke3 Nf4 0-1

[Event "2nd Vergani Cup 2018"]
[Site "Villorba ITA"]
[Date "2018.01.03"]
[Round "2.4"]
[White "Korobov, Anton"]
[Black "Juhasz, Armin"]
[Result "1-0"]
[WhiteTitle "GM"]
[BlackTitle "IM"]
[WhiteElo "2652"]
[BlackElo "2372"]
[WhiteFideId "14105730"]
[BlackFideId "724270"]
[Annotator "Basso, Pier Luigi"]
[EventDate "2018.01.02"]

1. d4 d5 2. c4 dxc4 3. e4 e5 4. Nf3 Bb4+ 5. Bd2 (5. Nc3 {suggested by Avrukh})
5... Bxd2+ 6. Qxd2 (6. Nbxd2 exd4 7. Bxc4 Nc6 {is considered the main line})
6... exd4 7. Qxd4 (7. Nxd4 {is also possible}) 7... Qxd4 (7... Nf6 8. Qxd8+
Kxd8 9. Nc3 (9. e5 Nd5 10. Bxc4 Nb4 11. Na3 N8c6 12. O-O Be6 $11) 9... Be6 $11
{is considered to be equal}) 8. Nxd4 a6 $6 (8... Ne7 {I consider this as the
most precise way to equalize for Black} 9. Bxc4 (9. Nb5 Na6 10. Bxc4 Be6 {
should be very close to equality for Black}) 9... O-O 10. Nc3 c5 11. Nde2 (11.
Ndb5 a6 $11) 11... Nbc6 $11 (11... Be6 $5)) (8... Bd7 9. Bxc4 Nc6 10. Nxc6 Bxc6
11. Nc3 {gives to White a small edge:} Rd8 (11... Nf6 12. f3 $14) 12. Ke2 Nf6
13. f3 Ke7 14. Rhd1 $14 {1-0 (38) Karpov,A (2755)-Seirawan,Y (2585) Skelleftea
1989}) 9. Bxc4 Ne7 10. Nc3 b5 11. Be2 $1 {now White can very easly fight
against Black's queenside weaknesses} Nd7 12. Nb3 $1 {Excellent move: it is
prophylactic against c7-c5, and sometimes White also wants to play Na5 against
Bb7} Rb8 13. O-O-O Ne5 $2 {loses too many tempos:} 14. f4 Ng4 15. Rd4 O-O 16.
h3 Ne3 17. g3 $16 {White's position is already winning:} f5 18. e5 Bb7 19. Re1
N3d5 20. Nc5 Bc6 21. Nxd5 Nxd5 22. Bd1 $1 $18 Nb6 23. Bb3+ Kh8 24. Nxa6 Ra8 25.
Nc5 Nc4 26. a3 Rfd8 27. Rxd8+ Rxd8 28. Bxc4 bxc4 29. Rd1 Rd5 30. Rxd5 Bxd5 31.
a4 1-0

[Event "2nd Vergani Cup 2018"]
[Site "Villorba ITA"]
[Date "2018.01.03"]
[Round "2.5"]
[White "Hilverda, Alexander"]
[Black "Kveinys, Aloyzas"]
[Result "1/2-1/2"]
[BlackTitle "GM"]
[WhiteElo "2370"]
[BlackElo "2547"]
[WhiteFideId "4695437"]
[BlackFideId "12800040"]
[EventDate "2018.01.02"]

1. d4 Nf6 2. c4 e6 3. g3 Bb4+ 4. Bd2 a5 5. Bg2 d6 6. e4 e5 7. Ne2 O-O 8. O-O Re8
9. Qc2 c6 10. Nbc3 exd4 11. Nxd4 a4 12. h3 a3 13. b3 Qa5 14. Rad1 Na6 15. Rfe1
Bd7 16. Nde2 Rac8 17. Nf4 b5 18. Nb1 bxc4 19. bxc4 c5 20. Bxb4 Nxb4 21. Qc3 Qa6
22. Rd2 Bf5 23. Rde2 Bd7 24. Rd2 Bf5 25. Rde2 Bd7 26. Rd2 1/2-1/2

[Event "2nd Vergani Cup 2018"]
[Site "Villorba ITA"]
[Date "2018.01.03"]
[Round "2.6"]
[White "Raja, Harshit"]
[Black "Klek, Hanna Marie"]
[Result "1-0"]
[WhiteTitle "IM"]
[BlackTitle "WGM"]
[WhiteElo "2427"]
[BlackElo "2357"]
[WhiteFideId "5089000"]
[BlackFideId "24670057"]
[EventDate "2018.01.02"]

1. e4 e5 2. Nf3 Nc6 3. Bb5 a6 4. Ba4 Nf6 5. O-O Be7 6. Re1 b5 7. Bb3 d6 8. c3
O-O 9. h3 Na5 10. Bc2 c5 11. d4 Nd7 12. Nbd2 exd4 13. cxd4 Nc6 14. dxc5 Nxc5 15.
Nb3 Ne6 16. Be3 Bf6 17. Nfd4 Ne5 18. a4 bxa4 19. Rxa4 Bd7 20. Nxe6 fxe6 21. Rb4
Qe7 22. f4 Nc6 23. Rb7 Rfb8 24. Rxd7 Qxd7 25. e5 Nxe5 26. fxe5 Bxe5 27. Bd4 Qc7
28. Be4 Ra7 29. Qg4 Rf8 30. Qxe6+ Kh8 31. Bxe5 dxe5 32. Rc1 Qb8 33. Kh2 a5 34.
Nc5 Qxb2 35. Rf1 Qb8 36. Nd7 Rxd7 37. Rxf8+ Qxf8 38. Qxd7 h5 39. Qf5 Qxf5 40.
Bxf5 a4 41. Kg3 a3 42. Bb1 Kg8 43. Kf3 Kf7 44. Ke4 Ke6 45. g3 Kf6 46. Ba2 h4 47.
g4 1-0

[Event "2nd Vergani Cup 2018"]
[Site "Villorba ITA"]
[Date "2018.01.03"]
[Round "2.7"]
[White "Mesaros, Florian"]
[Black "Barp, Alberto"]
[Result "0-1"]
[WhiteTitle "IM"]
[BlackTitle "FM"]
[WhiteElo "2406"]
[BlackElo "2252"]
[WhiteFideId "1629220"]
[BlackFideId "872555"]
[Annotator "Basso, Pier Luigi"]
[EventDate "2018.01.02"]

1. Nf3 d5 2. d4 Nf6 3. c4 e6 4. Nc3 c5 5. cxd5 Nxd5 6. e4 Nxc3 7. bxc3 cxd4 8.
cxd4 Bb4+ 9. Bd2 Bxd2+ 10. Qxd2 O-O 11. Be2 $5 {una variante minore, che non
dovrebbe creare troppi problemi al Nero} b6 12. O-O Bb7 13. Qe3 Nd7 (13... Nc6
14. Rfd1 Rc8 15. Rac1 Qd6 {è considerata leggermente più precisa, come nella  
1/2-1/2 Nakamura,H (2786)-Ding Liren (2773) Moscow RUS 2017}) 14. a4 Rc8 15. a5
$6 (15. Rfc1 Rxc1+ 16. Rxc1 Qa8 17. Nd2 Rc8 18. Ra1 $5 {avrebbe mantenuto
quella tipica leggerissima pressione del Bianco}) 15... bxa5 $1 16. Nd2 Nb6 17.
Nb3 a4 18. Nc5 Bc6 {ora il Bianco deve lottare per riprendere il pedone, e
quindi la parità} 19. Bd3 Qe7 (19... Qd6 {era più precisa, con l'idea Tfd8,
per fare pressione su d4 debole} 20. e5 Qe7 21. Be4 Rfd8 $15 {il Nero ha la
fantastica casa d5. Inoltre il pedone d4 rimarrà per sempre una debolezza}) 20.
Rfd1 Rfd8 21. Bc2 $2 (21. f4 {avrebbe mantenuto la partita aperta, in una
posizione in cui il Nero è leggermente preferibile}) 21... e5 $1 22. Nxa4 (22.
dxe5 $2 Nc4 $19) 22... exd4 23. Rxd4 Bxa4 24. Bxa4 Rxd4 25. Qxd4 Rd8 26. Qe3
Nxa4 $19 27. g3 Nb6 28. Rc1 h6 29. Kg2 Qg5 30. Qa3 Rd7 31. Rc6 Qe5 32. Qe3 Re7
33. f3 Rc7 34. Rxc7 Qxc7 35. Qd2 Nc4 36. Qa2 Ne3+ 37. Kh3 0-1

[Event "2nd Vergani Cup 2018"]
[Site "Villorba ITA"]
[Date "2018.01.03"]
[Round "2.8"]
[White "Stella, Andrea"]
[Black "Blohberger, Felix"]
[Result "1/2-1/2"]
[WhiteTitle "GM"]
[BlackTitle "FM"]
[WhiteElo "2511"]
[BlackElo "2367"]
[WhiteFideId "827061"]
[BlackFideId "1632051"]
[EventDate "2018.01.02"]

1. d4 Nf6 2. c4 e6 3. Nc3 Bb4 4. Qc2 Nc6 5. Nf3 d6 6. Bd2 O-O 7. a3 Bxc3 8. Bxc3
Re8 9. Rd1 Qe7 10. e3 e5 11. d5 Nb8 12. Nd2 c6 13. dxc6 Nxc6 14. Bd3 Be6 15. Ne4
Nxe4 16. Bxe4 Bxc4 17. Bxh7+ Kh8 18. Bd3 d5 19. Bxc4 dxc4 20. O-O Rad8 21. f4
exf4 22. exf4 Qe3+ 23. Qf2 Qxf2+ 24. Kxf2 b5 25. Rfe1 Rxe1 26. Rxe1 a5 27. Re4
b4 28. axb4 axb4 29. Rxc4 bxc3 30. Rxc6 cxb2 31. Rb6 Rd2+ 32. Kf3 g6 33. h3 Kg7
34. g4 Rd3+ 35. Kg2 Rd2+ 36. Kf3 Rd3+ 37. Ke4 Rxh3 38. Rxb2 Rg3 39. g5 Ra3 40.
Rb7 Ra4+ 41. Kf3 Ra3+ 42. Ke4 Ra4+ 43. Kf3 Ra3+ 44. Kg4 Ra4 45. Rd7 Rc4 46. Kf3
Ra4 47. Ke3 Ra3+ 48. Ke4 Ra4+ 49. Rd4 Ra5 50. Rd5 Ra1 51. Rd7 Re1+ 52. Kf3 Rf1+
53. Ke4 Re1+ 54. Kf3 1/2-1/2

[Event "2nd Vergani Cup 2018"]
[Site "Villorba ITA"]
[Date "2018.01.03"]
[Round "2.9"]
[White "Landi, Alberto"]
[Black "Iniyan, P"]
[Result "0-1"]
[WhiteTitle "FM"]
[BlackTitle "IM"]
[WhiteElo "2237"]
[BlackElo "2466"]
[WhiteFideId "894486"]
[BlackFideId "25002767"]
[EventDate "2018.01.02"]

1. e4 c5 2. Nf3 d6 3. Bb5+ Nd7 4. c3 a6 5. Ba4 Nf6 6. Qe2 g6 7. O-O Bg7 8. d4 b5
9. Bc2 e5 10. Rd1 Qc7 11. a4 b4 12. d5 a5 13. Nbd2 O-O 14. Nc4 Ba6 15. Bd3 Rfe8
16. Nfd2 Bh6 17. Ne3 bxc3 18. bxc3 c4 19. Bxc4 Bxe3 20. Bxa6 Bxf2+ 21. Qxf2 Rxa6
22. Qe2 Qxc3 23. Ba3 Nc5 24. Kh1 Qd3 25. Qxd3 Nxd3 26. Rf1 Ng4 27. Rf3 Rc8 28.
h3 Ngf2+ 29. Kg1 Rc2 30. Nf1 f5 31. exf5 e4 32. Rg3 Kf7 33. fxg6+ hxg6 34. Rb1
Ra2 35. Bc1 Nxc1 36. Rxc1 Nd3 37. Rc4 Nc5 38. Re3 Ra1 39. Kf2 Rb6 40. Nh2 Rb4
41. Rc2 Rbxa4 42. Ng4 R4a2 43. Rxa2 Rxa2+ 44. Kg3 Rd2 45. Nf2 Rd4 46. h4 a4 47.
Kh3 Kg7 48. Re2 a3 49. Kg3 Ra4 50. Ra2 e3 51. Nh3 e2 52. Kf2 Nd3+ 0-1

[Event "2nd Vergani Cup 2018"]
[Site "Villorba ITA"]
[Date "2018.01.03"]
[Round "2.10"]
[White "Tanriverdi, Enes"]
[Black "Baenziger, Fabian"]
[Result "0-1"]
[WhiteTitle "FM"]
[BlackTitle "FM"]
[WhiteElo "2259"]
[BlackElo "2403"]
[WhiteFideId "34543279"]
[BlackFideId "1330110"]
[EventDate "2018.01.02"]

1. d4 d6 2. Nf3 g6 3. c4 Bg7 4. Nc3 Nd7 5. e4 e5 6. Be2 Ngf6 7. O-O O-O 8. Be3
Ng4 9. Bg5 Bf6 10. Bxf6 Ngxf6 11. Re1 Re8 12. Bf1 b6 13. Qd2 Bb7 14. d5 a5 15.
g3 Nh5 16. Bg2 Ng7 17. b3 Rf8 18. a3 f5 19. exf5 gxf5 20. b4 e4 21. Nd4 Ne5 22.
Bf1 axb4 23. axb4 Qf6 24. Rxa8 Rxa8 25. Ncb5 Rf8 26. Be2 Ba6 27. Rc1 Qe7 28. Rc3
f4 29. gxf4 Ng6 30. Rg3 Bxb5 31. cxb5 Nxf4 32. Bc4 Kh8 33. Ne6 Nfxe6 34. dxe6
Nxe6 35. Qc3+ Ng7 36. Bd5 Rf5 37. Bxe4 Re5 38. Bc6 Nh5 39. Re3 Nf4 40. Rxe5 dxe5
41. Kf1 Qd6 42. Bf3 Kg7 43. Be2 Kf8 44. Qc2 Qd7 45. Qe4 Qh3+ 46. Kg1 Qe6 47. Bf1
Kg7 48. f3 Qf6 49. Qc4 Qg5+ 50. Kh1 Qe7 51. Kg1 Qd6 52. Kh1 h5 53. Qc2 Kf6 54.
Qh7 Qd1 55. Qh8+ Kf7 56. Qh7+ Kf6 57. Qh8+ Kf7 58. Qh7+ Ke8 59. Qg8+ Kd7 60.
Qf7+ Kc8 61. Qe8+ Kb7 62. Qc6+ Kb8 63. Kg1 Qd4+ 64. Kh1 Qf2 65. Qc4 Qxf3+ 66.
Kg1 Qe3+ 67. Kh1 Qe1 68. Kg1 h4 69. Qg8+ Kb7 70. Qc4 Qe3+ 71. Kh1 Qf3+ 72. Kg1
h3 73. Qc2 Qe3+ 74. Kh1 Kb8 75. Qa2 Qe4+ 76. Kg1 Qd4+ 77. Kh1 Qxb4 78. Qf7 Qe4+
79. Kg1 Qe3+ 80. Kh1 Qf3+ 0-1

[Event "2nd Vergani Cup 2018"]
[Site "Villorba ITA"]
[Date "2018.01.03"]
[Round "2.11"]
[White "Vezzani, Stefano"]
[Black "Bifulco, Michel"]
[Result "1/2-1/2"]
[BlackTitle "FM"]
[WhiteElo "2111"]
[BlackElo "2302"]
[WhiteFideId "802727"]
[BlackFideId "828580"]
[EventDate "2018.01.02"]

1. e4 e5 2. Nf3 Nc6 3. Be2 Nf6 4. d3 d5 5. Nbd2 g6 6. O-O Bg7 7. c3 O-O 8. Re1
a5 9. Bf1 Re8 10. a4 b6 11. Qc2 Ba6 12. Nb3 Qd6 13. Bg5 Nd7 14. Rad1 h6 15. Bc1
d4 16. Nfd2 Nd8 17. cxd4 exd4 18. Nc4 Qc6 19. Nbd2 Nc5 20. b3 Nde6 21. Nf3 Nd7
22. Qa2 Ndc5 23. Nfe5 Qb7 24. f4 Rad8 25. g3 Nf8 26. Bg2 Bxe5 27. fxe5 Bxc4 1/2-1/2

[Event "2nd Vergani Cup 2018"]
[Site "Villorba ITA"]
[Date "2018.01.03"]
[Round "2.12"]
[White "Loiacono, Leonardo"]
[Black "Getz, Nicolai"]
[Result "1/2-1/2"]
[BlackTitle "IM"]
[WhiteElo "2243"]
[BlackElo "2423"]
[WhiteFideId "895423"]
[BlackFideId "1505572"]
[EventDate "2018.01.02"]

1. d4 Nf6 2. c4 g6 3. Nc3 Bg7 4. e4 d6 5. Nf3 O-O 6. Be2 e5 7. O-O Nc6 8. d5 Ne7
9. b4 Nh5 10. Re1 Nf4 11. Bxf4 exf4 12. Rc1 h6 13. Nd4 a5 14. a3 c6 15. dxc6
bxc6 16. b5 c5 17. Nb3 g5 18. Bh5 Be6 19. Qe2 a4 20. Nd2 Ng6 21. Bxg6 fxg6 22.
Qd3 g4 23. e5 dxe5 24. Qxd8 Rfxd8 25. Nde4 Bxc4 26. Nxc5 Bb3 27. b6 Bf8 28. b7
Rab8 29. N3xa4 Bxa4 30. Nxa4 Rxb7 31. Rxe5 Bxa3 32. Rf1 Bf8 33. Re4 Rb4 34. Nc3
g5 35. Rxb4 Bxb4 36. Ne4 Kg7 37. f3 Rd4 38. Ra1 Be7 39. Kf2 Rb4 40. Ra2 Bd8 41.
Ke2 gxf3+ 42. gxf3 Bb6 43. Nf2 Rb1 44. Nd1 Bd4 45. Rd2 Bf6 46. Kf2 Kg6 47. Kg2
Rb3 48. Nf2 h5 49. h3 Be7 50. Ne4 Kf7 51. Re2 Ra3 52. Rb2 Re3 53. Nf2 Ra3 54.
Ne4 Ra5 55. Rc2 Rd5 56. Rd2 Re5 57. Nf2 Re3 58. Rc2 Bd8 59. Rd2 Bb6 60. Rb2 Re6
61. Ra2 Kg6 62. Rb2 Rc6 63. Ne4 Bd4 64. Ra2 Re6 65. Ra5 Bf6 66. Ra2 Be7 67. Nf2
Bc5 68. Ne4 Bb6 69. Rb2 Bc7 70. Rc2 Bd8 71. Nf2 Be7 72. Ra2 Re5 73. Nd3 Rd5 74.
Nf2 Kf5 75. Re2 Bc5 76. Ne4 Be3 77. Rb2 g4 78. hxg4+ hxg4 79. Rb5 Rxb5 80. Nd6+
Ke5 81. Nxb5 g3 82. Nc3 Bd2 83. Ne4 Be1 84. Kf1 Ba5 85. Kg2 Be1 86. Kf1 Bf2 87.
Kg2 Kd4 88. Ng5 Ke3 89. Ne4 Be1 90. Nd6 Kd3 91. Ne4 1/2-1/2

[Event "2nd Vergani Cup 2018"]
[Site "Villorba ITA"]
[Date "2018.01.03"]
[Round "2.13"]
[White "Sadhwani, Raunak"]
[Black "Bettalli, Francesco"]
[Result "1-0"]
[WhiteTitle "FM"]
[WhiteElo "2321"]
[BlackElo "2231"]
[WhiteFideId "35093487"]
[BlackFideId "2816453"]
[Annotator "Basso, Pier Luigi"]
[EventDate "2018.01.02"]

1. e4 c5 2. Nf3 Nc6 3. d4 cxd4 4. Nxd4 Nf6 5. Nc3 e5 6. Ndb5 d6 7. Nd5 Nxd5 8.
exd5 Ne7 ({tempo fa} 8... Nb8 {era ritenuta la più precisa, ma allo stato
attuale della teoria 8...Ce7 sembra ancora meglio}) 9. c4 Nf5 10. Bd3 Be7 11.
O-O O-O 12. a4 (12. Kh1 {è probabilmente il piano più forte a disposizione del
Bianco, con l'idea f2-f4}) (12. f4 Qb6+ 13. Kh1 a6 14. Nc3 f6 $13) 12... Nh4 $6
13. a5 (13. c5 $1 dxc5 14. d6 $36) 13... f5 14. f3 (14. c5 $1) 14... f4 15. b4
Nf5 16. Nc3 (16. c5 $1) 16... b6 17. Qa4 Bh4 18. Ne4 Rb8 19. axb6 axb6 20. Bd2
Nd4 21. Qa2 Bb7 22. Bc3 Nf5 23. Rfc1 Kh8 24. Qa4 Ra8 25. Qc2 Ne3 26. Qb2 b5 $2
(26... Qd7 $132) 27. c5 $1 Bxd5 28. Nxd6 $16 Qg5 29. Be4 Bxe4 30. Nxe4 Qg6 31.
Nd6 Be7 32. Bxe5 Rad8 33. Ra7 Bxd6 34. Bxg7+ Kg8 35. cxd6 Rf7 36. Rxf7 Qxf7 37.
Bf6 Ra8 38. Qe5 Nd5 39. Qg5+ Kf8 40. Bd4 Ke8 41. Qg4 Rd8 42. Re1+ Kf8 43. Re5
Nf6 44. Qf5 Qg6 45. Qe6 Re8 46. Qxf6+ 1-0

[Event "2nd Vergani Cup 2018"]
[Site "Villorba ITA"]
[Date "2018.01.03"]
[Round "2.14"]
[White "Omeri, Silvan"]
[Black "Rahul, Srivatshav P"]
[Result "0-1"]
[WhiteElo "2221"]
[BlackElo "2317"]
[WhiteFideId "825557"]
[BlackFideId "25059653"]
[EventDate "2018.01.02"]

1. Nf3 Nf6 2. d4 g6 3. Bf4 Bg7 4. e3 O-O 5. h3 d6 6. Nbd2 c5 7. c3 Nc6 8. Bc4
cxd4 9. exd4 e5 10. dxe5 dxe5 11. Be3 e4 12. Ng5 Ne5 13. Qb3 Qc7 14. Bd4 Nd3+
15. Bxd3 exd3 16. O-O Bf5 17. Rfe1 Rfe8 18. g4 Bxg4 19. Bxf6 Bxf6 20. Nge4 Qf4
21. Nxf6+ Qxf6 22. hxg4 Qf4 23. Nf1 Qxg4+ 24. Ng3 d2 25. Red1 Rad8 26. Kg2 h5
27. Qb4 Qg5 28. Rh1 h4 29. Rxh4 Re1 30. Rh1 Qd5+ 31. Kh2 Qxh1+ 32. Nxh1 Rxa1 0-1

[Event "2nd Vergani Cup 2018"]
[Site "Villorba ITA"]
[Date "2018.01.03"]
[Round "2.15"]
[White "Bove, Alessandro"]
[Black "Loiacono, Antonio"]
[Result "1/2-1/2"]
[WhiteTitle "FM"]
[WhiteElo "2310"]
[BlackElo "2217"]
[WhiteFideId "814121"]
[BlackFideId "895415"]
[EventDate "2018.01.02"]

1. e4 e5 2. Nf3 Nc6 3. Bc4 Bc5 4. c3 Nf6 5. d4 exd4 6. e5 d5 7. Bb5 Ne4 8. cxd4
Bb6 9. h3 O-O 10. O-O f6 11. Be3 Ne7 12. Nc3 Nxc3 13. bxc3 fxe5 14. Nxe5 c6 15.
Bd3 Bf5 16. g4 Bxd3 17. Qxd3 Bc7 18. f4 Nc8 19. f5 Nd6 20. Bf4 Ne4 21. Kg2 Bd6
22. Rac1 Qa5 23. Rc2 Rae8 24. c4 Re7 25. Qb3 Rfe8 26. cxd5 Qxd5 27. Qxd5+ cxd5
28. Nd3 Rd8 29. Re1 Kf7 30. Bxd6 Rxd6 31. Rc8 Ra6 32. Re2 g5 33. Ne5+ Kg7 34.
Rec2 Nf6 35. R8c7 Rxc7 36. Rxc7+ Kg8 37. Rxb7 Rxa2+ 38. Kg1 Ra1+ 39. Kf2 Ra3 40.
Rb8+ Kg7 41. Rb7+ Kg8 42. Rf7 Ne4+ 43. Ke2 Ra2+ 44. Kd3 Ra6 45. Rd7 Nf6 46. Rd8+
Kg7 47. Kc2 Ra4 48. Nf3 h6 49. Rb8 Ra3 50. Rb7+ Kg8 51. Rb3 Ra4 52. Kb2 Kg7 53.
Ra3 Rxa3 54. Kxa3 Ne4 55. Kb4 Kf6 56. Kb5 Nf2 57. Kc5 Nxh3 58. Kxd5 h5 59. gxh5
Kxf5 60. h6 1/2-1/2

[Event "2nd Vergani Cup 2018"]
[Site "Villorba ITA"]
[Date "2018.01.03"]
[Round "2.16"]
[White "Belli, Giorgio"]
[Black "Sapale, Saloni"]
[Result "1/2-1/2"]
[WhiteTitle "FM"]
[BlackTitle "WCM"]
[WhiteElo "2211"]
[BlackElo "2308"]
[WhiteFideId "2808833"]
[BlackFideId "5085527"]
[EventDate "2018.01.02"]

1. e4 c5 2. Nf3 d6 3. d4 Nf6 4. Nc3 cxd4 5. Nxd4 a6 6. Bg5 Nbd7 7. Qe2 g6 8.
O-O-O Bg7 9. h4 h6 10. Bxf6 Bxf6 11. h5 g5 12. Nd5 Bxd4 13. Rxd4 e5 14. Rd2 Nf6
15. Qd3 Bd7 16. Nxf6+ Qxf6 17. Qxd6 Qxd6 18. Rxd6 Bc6 19. f3 Ke7 20. Rd2 g4 21.
Bc4 Rad8 22. Rh4 Rxd2 23. Kxd2 gxf3 24. gxf3 Rg8 1/2-1/2

[Event "2nd Vergani Cup 2018"]
[Site "Villorba ITA"]
[Date "2018.01.03"]
[Round "2.17"]
[White "Rapport, Jovana"]
[Black "Dobboletta, Alex"]
[Result "1-0"]
[WhiteTitle "WGM"]
[WhiteElo "2305"]
[BlackElo "2155"]
[WhiteFideId "937266"]
[BlackFideId "865397"]
[EventDate "2018.01.02"]

1. d4 e6 2. Bf4 d5 3. e3 Nf6 4. Nf3 c5 5. Be2 Nc6 6. O-O Be7 7. dxc5 Bxc5 8. c4
O-O 9. Nc3 h6 10. a3 Re8 11. cxd5 exd5 12. Nb5 Nh5 13. Bc7 Qe7 14. b4 Bxe3 15.
Bd6 Qd8 16. fxe3 Rxe3 17. Bc5 Re6 18. Nfd4 1-0

[Event "2nd Vergani Cup 2018"]
[Site "Villorba ITA"]
[Date "2018.01.03"]
[Round "2.18"]
[White "Dudin, Gleb"]
[Black "Orfini, Nicolo'"]
[Result "1-0"]
[WhiteElo "2073"]
[BlackElo "2254"]
[WhiteFideId "34184934"]
[BlackFideId "2805028"]
[EventDate "2018.01.02"]

1. d4 Nf6 2. c4 d6 3. Nc3 e5 4. dxe5 dxe5 5. Qxd8+ Kxd8 6. Nf3 Nfd7 7. g4 f6 8.
g5 c6 9. Bh3 Na6 10. Be3 Kc7 11. Rg1 Ndc5 12. Bxc8 Rxc8 13. O-O-O Ne6 14. gxf6
gxf6 15. Ne4 Be7 16. Nh4 Rcg8 17. Nf5 Bd8 18. Rg3 Rg6 19. Rd6 Re8 20. Rh3 h6 21.
Bxh6 Rg1+ 22. Kc2 Re1 23. Bd2 Ra1 24. a3 Rg1 25. Rh7+ Kb8 26. Rdd7 Nac7 27. Ned6
Reg8 28. Nf7 b6 29. h4 Rf8 30. h5 Rg4 31. b3 b5 32. Ba5 Kc8 33. Nxd8 Rxd8 34.
Nd6+ 1-0

[Event "2nd Vergani Cup 2018"]
[Site "Villorba ITA"]
[Date "2018.01.02"]
[Round "3.1"]
[White "Rapport, Richard"]
[Black "Korobov, Anton"]
[Result "1/2-1/2"]
[WhiteTitle "GM"]
[BlackTitle "GM"]
[WhiteElo "2700"]
[BlackElo "2652"]
[WhiteFideId "738590"]
[BlackFideId "14105730"]
[EventDate "2018.01.02"]

1. d4 Nf6 2. c4 e6 3. Nf3 b6 4. g3 Bb7 5. Bg2 Be7 6. O-O O-O 7. Nc3 Ne4 8. Nxe4
Bxe4 9. Nh4 Bxg2 10. Nxg2 d5 11. Qa4 Qd7 12. Qxd7 Nxd7 13. cxd5 exd5 14. Bf4
Rac8 15. Rac1 c6 16. Ne1 Rfe8 17. Nf3 Bf6 18. Rc2 h6 19. h4 c5 20. dxc5 bxc5 1/2-1/2

[Event "2nd Vergani Cup 2018"]
[Site "Villorba ITA"]
[Date "2018.01.02"]
[Round "3.2"]
[White "Barp, Alberto"]
[Black "Jobava, Baadur"]
[Result "0-1"]
[WhiteTitle "FM"]
[BlackTitle "GM"]
[WhiteElo "2252"]
[BlackElo "2690"]
[WhiteFideId "872555"]
[BlackFideId "13601520"]
[EventDate "2018.01.02"]

1. d4 Nf6 2. c4 e6 3. Nf3 c5 4. d5 exd5 5. cxd5 g6 6. Nc3 Bg7 7. e4 O-O 8. Bd3
d6 9. h3 Re8 10. O-O Nbd7 11. Re1 Nh5 12. Bg5 Bf6 13. Be3 Ne5 14. Be2 Nxf3+ 15.
Bxf3 Ng7 16. Qd2 Bd7 17. Bf4 Qe7 18. a4 g5 19. Bg3 Bd4 20. b4 f6 21. Rab1 b6 22.
Ne2 Be5 23. bxc5 dxc5 24. Bxe5 Qxe5 25. Nc3 h5 26. Be2 g4 27. hxg4 hxg4 28. Bb5
Rad8 29. d6 Ne6 30. Nd5 Kf7 31. Qc3 Nd4 32. Bc4 Be6 33. a5 Rh8 34. Qg3 Nf3+ 35.
gxf3 gxf3 36. Qxf3 Rdg8+ 37. Kf1 Rh3 38. Rb3 Qd4 0-1